000 01280nam0a2200373 4500
001 RU\NLR\bibl\1773478
005 20260407070428.0
010 _a978-5-9533-5710-4
_93000
021 _aRU
_b2011-34356
_92446
021 _aRU
_b2012-102834
_97577
035 _a(NLR Aleph) 001764255
090 _a1597628
_c1597628
100 _a20110526d2011 |||y0rusy50 ca
101 0 _arus
102 _aRU
105 _aa |||||||||
200 1 _aСто великих военачальников
_fА.В. Шишов
205 _a[Изд. 2-е, испр.]
210 _aМосква
_cВече
_d2011
215 _a430 с.
_cил., портр.
_d22
225 1 _aСто великих
300 _aЗагл. обл.: 100 великих военачальников
300 _aНа обл. авт. не указан
512 1 _a100 великих военачальников
606 0 _aПолководцы
_jБиографии
_91980081
_3RU\NLR\auth\661194377
686 _aЦ4,5(0)243д
686 _aТ3(0)0-8
700 1 _4070
_aШишов
_bА.В.
_f1946-
_gАлексей Васильевич
_3RU\NLR\AUTH\770151314
_9151276
801 0 _aRU
_bNLR
_c20110526
_gRCR
801 1 _aRU
_bNLR
_c20110526
942 _cBOOK
980 _aNB
980 _aNBR